Les 5 Meilleurs Buteurs de Ligue 1 par Saison (XXIème siècle) - Statistiques

Statistiques générales
  • Ce quiz a été pris 6 450 fois
    490 depuis la dernière actualisation
  • Le résultat moyen est 76 sur 130
Statistiques - réponses
Saison Classement Buts Club Joueurs % Correct
2016/2017 5 20 AS Monaco Kylian Mbappé
99%
2018/2019 1 33 Paris SG Kylian Mbappé
99%
2019/2020 1 18 Paris SG Kylian Mbappé
99%
2020/2021 1 27 Paris SG Kylian Mbappé
99%
2021/2022 1 28 Paris SG Kylian Mbappé
99%
2022/2023 1 29 Paris SG Kylian Mbappé
99%
2023/2024 1 27 Paris SG Kylian Mbappé
99%
2019/2020 3 16 Olympique Lyonnais Moussa Dembélé
96%
2021/2022 3 21 Olympique Lyonnais Moussa Dembélé
96%
2024/2025 1 21 Paris SG Ousmane Dembélé
96%
2014/2015 1 27 Olympique Lyonnais Alexandre Lacazette
94%
2015/2016 2 21 Olympique Lyonnais Alexandre Lacazette
94%
2016/2017 2 28 Olympique Lyonnais Alexandre Lacazette
94%
2022/2023 2 27 Olympique Lyonnais Alexandre Lacazette
94%
2023/2024 3 19 Olympique Lyonnais Alexandre Lacazette
94%
2024/2025 5 15 Olympique Lyonnais Alexandre Lacazette
94%
2013/2014 2 16 Paris SG Edinson Cavani
93%
2014/2015 4 18 Paris SG Edinson Cavani
93%
2015/2016 3 19 Paris SG Edinson Cavani
93%
2016/2017 1 35 Paris SG Edinson Cavani
93%
2017/2018 1 28 Paris SG Edinson Cavani
93%
2018/2019 3 18 Paris SG Edinson Cavani
93%
2012/2013 1 30 Paris SG Zlatan Ibrahimovic
92%
2013/2014 1 26 Paris SG Zlatan Ibrahimovic
92%
2014/2015 3 19 Paris SG Zlatan Ibrahimovic
92%
2015/2016 1 38 Paris SG Zlatan Ibrahimovic
92%
2024/2025 2 21 Olympique de Marseille Mason Greenwood
88%
2017/2018 3 19 Paris SG Neymar
88%
2018/2019 5 15 Paris SG Neymar
88%
2019/2020 4 13 Paris SG Neymar
88%
2022/2023 3 24 Lille OSC Jonathan David
84%
2023/2024 2 19 Lille OSC Jonathan David
84%
2024/2025 4 16 Lille OSC Jonathan David
84%
2011/2012 5 16 AS Saint-Étienne Pierre-Emerick Aubameyang
83%
2012/2013 3 19 AS Saint-Étienne Pierre-Emerick Aubameyang
83%
2023/2024 4 17 Olympique de Marseille Pierre-Emerick Aubameyang
83%
2013/2014 5 16 Toulouse FC Wissam Ben Yedder
82%
2015/2016 5 17 Toulouse FC Wissam Ben Yedder
82%
2019/2020 2 18 AS Monaco Wissam Ben Yedder
82%
2020/2021 2 20 AS Monaco Wissam Ben Yedder
82%
2021/2022 2 25 AS Monaco Wissam Ben Yedder
82%
2023/2024 5 16 AS Monaco Wissam Ben Yedder
82%
2011/2012 2 21 Montpellier HSC Olivier Giroud
80%
2016/2017 3 21 AS Monaco Radamel Falcao
75%
2017/2018 5 18 AS Monaco Radamel Falcao
75%
2017/2018 2 22 Olympique de Marseille Florian Thauvin
73%
2018/2019 4 16 Olympique de Marseille Florian Thauvin
73%
2007/2008 1 20 Olympique Lyonnais Karim Benzema
72%
2008/2009 3 17 Olympique Lyonnais Karim Benzema
72%
2008/2009 1 24 Toulouse FC André-Pierre Gignac
69%
2013/2014 3 16 Olympique de Marseille André-Pierre Gignac
69%
2014/2015 2 21 Olympique de Marseille André-Pierre Gignac
69%
2000/2001 2 20 FC Girondins de Bordeaux Pauleta
69%
2001/2002 2 22 FC Girondins de Bordeaux Pauleta
69%
2002/2003 2 23 FC Girondins de Bordeaux Pauleta
69%
2003/2004 4 18 Paris SG Pauleta
69%
2004/2005 3 14 Paris SG Pauleta
69%
2005/2006 1 21 Paris SG Pauleta
69%
2006/2007 1 15 Paris SG Pauleta
69%
2011/2012 3 20 Lille OSC Eden Hazard
67%
2001/2002 1 22 AJ Auxerre Djibril Cissé
64%
2002/2003 4 14 AJ Auxerre Djibril Cissé
64%
2003/2004 1 26 AJ Auxerre Djibril Cissé
64%
2007/2008 4 16 Olympique de Marseille Djibril Cissé
64%
2022/2023 5 21 RC Lens Lois Openda
63%
2021/2022 5 18 OGC Nice / Montpellier HSC Andy Delort
62%
2009/2010 4 15 Olympique Lyonnais Lisandro Lopez
62%
2010/2011 3 17 Olympique Lyonnais Lisandro Lopez
62%
2011/2012 4 16 Olympique Lyonnais Lisandro Lopez
62%
2017/2018 4 19 Olympique Lyonnais Memphis Depay
62%
2020/2021 3 20 Olympique Lyonnais Memphis Depay
62%
2007/2008 3 16 AS Saint-Étienne Bafétimbi Gomis
60%
2012/2013 4 16 Olympique Lyonnais Bafétimbi Gomis
60%
2016/2017 4 20 Olympique de Marseille Bafétimbi Gomis
60%
2024/2025 3 17 Stade Rennais FC Arnaud Kalimuendo
57%
2006/2007 5 12 Olympique de Marseille Mamadou Niang
57%
2007/2008 2 18 Olympique de Marseille Mamadou Niang
57%
2009/2010 1 18 Olympique de Marseille Mamadou Niang
57%
2022/2023 4 21 Stade de Reims Folarin Balogun
56%
2018/2019 2 22 Lille OSC Nicolas Pépé
56%
1999/2000 1 23 Olympique Lyonnais Sonny Anderson
55%
2000/2001 1 22 Olympique Lyonnais Sonny Anderson
55%
2001/2002 5 14 Olympique Lyonnais Sonny Anderson
55%
2004/2005 5 13 Olympique Lyonnais Juninho
54%
2019/2020 5 13 Lille OSC Victor Osimhen
52%
2002/2003 3 17 EA Guingamp Didier Drogba
51%
2003/2004 3 19 Olympique de Marseille Didier Drogba
51%
2009/2010 2 17 FC Lorient Kévin Gameiro
51%
2010/2011 2 22 FC Lorient Kévin Gameiro
51%
2021/2022 4 21 Stade Rennais FC Martin Terrier
48%
2020/2021 4 16 Lille OSC Burak Yilmaz
47%
2010/2011 1 25 Lille OSC Moussa Sow
47%
2015/2016 4 17 OGC Nice Hatem Ben Arfa
46%
2008/2009 2 17 Paris SG Guillaume Hoarau
45%
2011/2012 1 21 Paris SG Nenê
44%
2003/2004 2 20 Stade Rennais FC Alex Frei
32%
2004/2005 1 20 Stade Rennais FC Alex Frei
32%
1999/2000 2 22 AS Monaco David Trézéguet
32%
2006/2007 2 13 Valenciennes FC Steve Savidan
30%
1999/2000 5 16 Stade Rennais FC Shabani Nonda
26%
2002/2003 1 26 AS Monaco Shabani Nonda
26%
2008/2009 5 14 Lille OSC Michel Bastos
24%
2003/2004 5 17 FC Sochaux-Montbéliard Pierre-Alain Frau
24%
2012/2013 2 19 OGC Nice Dario Cvitanich
23%
2005/2006 3 14 Olympique Lyonnais Fred
23%
2020/2021 5 16 AS Monaco Kevin Volland
23%
2013/2014 4 16 FC Lorient Vincent Aboubakar
20%
2012/2013 5 15 FC Lorient Jérémie Aliadière
19%
2014/2015 5 17 AS Saint-Étienne Max-Alain Gradel
18%
2001/2002 3 19 FC Lorient Jean-Claude Darcheville
17%
2004/2005 2 15 RC Strasbourg Mickaël Pagis
17%
2007/2008 5 15 FC Girondins de Bordeaux Fernando Cavenaghi
16%
2010/2011 4 17 Valenciennes FC Grégory Pujol
14%
1999/2000 3 21 AS Monaco Marco Simone
14%
2008/2009 4 14 AJ Auxerre Ireneusz Jelen
11%
2009/2010 5 14 AJ Auxerre Ireneusz Jelen
11%
2009/2010 3 15 Paris SG Mevlüt Erdinc
11%
2006/2007 4 12 Le Mans FC Grafite
10%
2000/2001 3 16 SC Bastia Frédéric Née
9%
2010/2011 5 17 SM Caen Youssef El Arabi
9%
2002/2003 5 14 CS Sedan Ardennes Henri Camara
8%
2005/2006 4 13 RC Lens Daniel Cousin
5%
2005/2006 2 14 Lille OSC Peter Odemwingie
5%
2000/2001 4 15 Paris SG Laurent Robert
4%
1999/2000 4 16 Paris SG Christian
3%
2006/2007 3 12 Le Mans FC Ismaël Bangoura
3%
2005/2006 5 12 AJ Auxerre Luigi Pieroni
3%
2001/2002 4 15 ES Troyes AC Nicolas Goussé
3%
2004/2005 4 13 SM Caen Sébastien Mazure
3%
2000/2001 5 15 Toulouse FC Victor Bonilla
3%
Aucun quiz correspondant
Distribution des résultats
% des personnes avec chaque résultat
Percentile par nombre de réponses
Votre historique - résultats
Vous n’avez pas pris ce quiz depuis la dernière actualisation